LEADER 01382nam 2200361Ia 450 001 996393900703316 005 20200824132738.0 035 $a(CKB)4940000000116219 035 $a(EEBO)2240934738 035 $a(OCoLC)ocm11875690e 035 $a(OCoLC)11875690 035 $a(EXLCZ)994940000000116219 100 $a19850402d1649 uy | 101 0 $aeng 135 $aurbn||||a|bb| 200 13$aAn exposition with practicall observations continued upon the eighth, ninth, and tenth chapters of the book of Job$b[electronic resource] $ebeing the summe of thirty two lectures delivered at Magnus neer the Bridge, London /$fby Joseph Caryl .. 210 $aLondon $cPrinted by E. Griffin for Luke Fawne and J. Rothwell ... and Giles Calvert ...$d1649 215 $a[4], 587, [17] p 300 $aIncludes index. 300 $aImperfect: pages stained. 300 $aReproduction of original in the Union Theological Seminary Library. 330 $aeebo-0160 606 $aSermons, English$y17th century 615 0$aSermons, English 700 $aCaryl$b Joseph$f1602-1673.$01003625 801 0$bEAE 801 1$bEAE 801 2$bUMI 801 2$bWaOLN 906 $aBOOK 912 $a996393900703316 996 $aAn exposition with practicall observations continued upon the eighth, ninth and tenth chapters of the book of Job$92369368 997 $aUNISA